<?xml version="1.0" encoding="UTF-8"?><?xml-stylesheet type="text/xsl" href="static/style.xsl"?><OAI-PMH xmlns="http://www.openarchives.org/OAI/2.0/" xmlns:xsi="http://www.w3.org/2001/XMLSchema-instance" xsi:schemaLocation="http://www.openarchives.org/OAI/2.0/ http://www.openarchives.org/OAI/2.0/OAI-PMH.xsd"><responseDate>2026-04-13T04:37:51Z</responseDate><request verb="GetRecord" identifier="oai:www.recercat.cat:2117/440571" metadataPrefix="marc">https://recercat.cat/oai/request</request><GetRecord><record><header><identifier>oai:recercat.cat:2117/440571</identifier><datestamp>2025-09-19T21:01:29Z</datestamp><setSpec>com_2072_1033</setSpec><setSpec>col_2072_452951</setSpec></header><metadata><record xmlns="http://www.loc.gov/MARC21/slim" xmlns:dcterms="http://purl.org/dc/terms/" xmlns:xsi="http://www.w3.org/2001/XMLSchema-instance" xmlns:doc="http://www.lyncode.com/xoai" xsi:schemaLocation="http://www.loc.gov/MARC21/slim http://www.loc.gov/standards/marcxml/schema/MARC21slim.xsd">
   <leader>00925njm 22002777a 4500</leader>
   <datafield ind2=" " ind1=" " tag="042">
      <subfield code="a">dc</subfield>
   </datafield>
   <datafield ind2=" " ind1=" " tag="720">
      <subfield code="a">Novo Cagigas, María</subfield>
      <subfield code="e">author</subfield>
   </datafield>
   <datafield ind2=" " ind1=" " tag="260">
      <subfield code="c">2025-06-10</subfield>
   </datafield>
   <datafield ind2=" " ind1=" " tag="520">
      <subfield code="a">The purpose of this Final Degree Project is to design and develop an industrial project for the installation of a mango and avocado handling and packaging plant. The document is composed of three distinct parts: Report and Annexes, Plans, and Budget. The technical report details the characteristics of the production process, the layout of the plant space, and the facilities required for its proper operation. It includes a specific study of the lighting and fire protection systems. The project is completed with a set of plans that graphically represent the solutions adopted, as well as a budget for the proposed facilities.</subfield>
   </datafield>
   <datafield ind2=" " ind1=" " tag="520">
      <subfield code="a">Aquest Treball de Fi de Grau té com a objecte el disseny i el desenvolupament d'un projecte industrial destinat a la instal·lació d'una planta de manipulació i envasament de mangos i alvocats. El document es compon de tres parts diferenciades: Memòria i annexos, Plànols i Pressupost La memòria tècnica detalla les característiques del procés productiu de l'activitat, la distribució de l'espai a la planta i les instal·lacions necessàries pel funcionament correcte. S'inclou un estudi específic de les lluminàries i dels sistemes de protecció contra incendis. El projecte es completa amb un conjunt de plànols que representen gràficament les solucions adoptades, així com un pressupost de les instal·lacions proposades.</subfield>
   </datafield>
   <datafield ind2=" " ind1=" " tag="520">
      <subfield code="a">Este Trabajo de Fin de Grado tiene como objeto el diseño y desarrollo de un proyecto industrial destinado a la instalación de una planta de manipulación y envasado de mangos y aguacates. El documento se compone de tres partes diferenciadas: Memoria y anejos, Planos y Presupuesto La memoria técnica detalla las características del proceso productivo de la actividad, la distribución del espacio en la planta y las instalaciones necesarias para su correcto funcionamiento Se incluye un estudio específico de las luminarias y de los sistemas de protección contra incendios. El proyecto se completa con un conjunto de planos que representan gráficamente las soluciones adoptadas, así como un presupuesto de las instalaciones propuestas.</subfield>
   </datafield>
   <datafield ind2=" " ind1=" " tag="520">
      <subfield code="a">Objectius de Desenvolupament Sostenible::9 - Indústria, Innovació i Infraestructura</subfield>
   </datafield>
   <datafield ind1="8" ind2=" " tag="024">
      <subfield code="a">http://hdl.handle.net/2117/440571</subfield>
   </datafield>
   <datafield tag="653" ind2=" " ind1=" ">
      <subfield code="a">Àrees temàtiques de la UPC::Enginyeria agroalimentària::Indústries agroalimentàries</subfield>
   </datafield>
   <datafield tag="653" ind2=" " ind1=" ">
      <subfield code="a">Package goods industry</subfield>
   </datafield>
   <datafield tag="653" ind2=" " ind1=" ">
      <subfield code="a">Layout</subfield>
   </datafield>
   <datafield tag="653" ind2=" " ind1=" ">
      <subfield code="a">Productos frutículas</subfield>
   </datafield>
   <datafield tag="653" ind2=" " ind1=" ">
      <subfield code="a">Instalaciones</subfield>
   </datafield>
   <datafield tag="653" ind2=" " ind1=" ">
      <subfield code="a">Mango</subfield>
   </datafield>
   <datafield tag="653" ind2=" " ind1=" ">
      <subfield code="a">Alvocat</subfield>
   </datafield>
   <datafield tag="653" ind2=" " ind1=" ">
      <subfield code="a">Maduració</subfield>
   </datafield>
   <datafield tag="653" ind2=" " ind1=" ">
      <subfield code="a">Indústria</subfield>
   </datafield>
   <datafield tag="653" ind2=" " ind1=" ">
      <subfield code="a">Distribution</subfield>
   </datafield>
   <datafield tag="653" ind2=" " ind1=" ">
      <subfield code="a">Envasament--Indústria i comerç</subfield>
   </datafield>
   <datafield ind2="0" ind1="0" tag="245">
      <subfield code="a">Proyecto de instalación de una industria de manipulación y envasado de productos frutículas de 30.000 T/año de capacidad situada en Medio Cudeyo (Cantabria)</subfield>
   </datafield>
</record></metadata></record></GetRecord></OAI-PMH>